000 002610000a22000970004500
100 1 _aPoulter, A.J.
245 1 0 _aThe Samaria ostraca : Two onomastic notes
300 _aVol. 40, Num. 2 (Abril, 1990), Páginas 237-240
773 0 _tVetus Testamentum
942 _cANA
999 _c57626
_d57626